00426nam a22001457a 4500003000400000005001700004008004100021020001500062040000700077082001500084100002000099245005400119260007600173300003100249OSt20211230154932.0211230b |||||||| |||| 00| 0 eng d a0198283814 cHU a330.015118 aKreps, David M. aGame theory and economic modellingcDavid M.Kreps a Oxford : Clarendon Press ; New York :b Oxford University Press, 1990. aviii, 195 pages : c 23 cm